| 000 | 00602nam a2200145Ia 4500 | ||
|---|---|---|---|
| 008 | 170221s9999 xx 000 0 und d | ||
| 100 | _aVieMing Tan, Farzana Quoquab, Fauziah Sh. Ahmad, Jihad Mohammad | ||
| 245 | _aEffect of Self-Esteem on Customer Citizenship Behaviours among International University Branch Campus Students | ||
| 245 | _cVieMing Tan, Farzana Quoquab, Fauziah Sh. Ahmad, Jihad Mohammad | ||
| 260 | _bInternational Review of Management and Marketing | ||
| 260 | _c2012 | ||
| 300 | _a: | ||
| 650 | _xMarketing. | ||
| 856 | _uhttp://www.econjournals.com/index.php/irmm/issue/view/85 | ||
| 999 |
_c313919 _d313919 |
||